00552nam a2200193 a 4500001001300000003000900013005001700022008004100039020002300080082001700103100001200120245006800132260006000200300000900260500003500269505001000304650003200314700001200346nice12345678IN_TiNIC20260116013817.0050524s1988 agra grp 000 0 eng  a8185105 c40000a722.07bNAT3 aNath, R aArchitecture of Fatehpur Sikrib Forms, Techniques and Concepts aAgra bHistorical Research Documentation Program c1988 a114p aincludes index and biblioraphy2 aNotes aIslamic-Architecture Mughal1 aNath, R